Faculty of Law Library — Cairo University

Official Online Catalog

Burge's Commentaries on colonial and foreign laws : (Record no. 72718)

MARC details
000 -LEADER
fixed length control field 02140cam a2200481 i 4500
001 - CONTROL NUMBER
control field 3246748
003 - CONTROL NUMBER IDENTIFIER
control field EG-GICUC
005 - DATE AND TIME OF LATEST TRANSACTION
control field 20260421210506.0
008 - FIXED-LENGTH DATA ELEMENTS--GENERAL INFORMATION
fixed length control field 260421r19811907nyu frb 001 0 eng
010 ## - LIBRARY OF CONGRESS CONTROL NUMBER
LC control number 80084956
020 ## - INTERNATIONAL STANDARD BOOK NUMBER
International Standard Book Number 0899410731
020 ## - INTERNATIONAL STANDARD BOOK NUMBER
International Standard Book Number 9780899410739
040 ## - CATALOGING SOURCE
Original cataloging agency DLC
Transcribing agency EG-GICUC
Modifying agency EG-GICUC
Language of cataloging eng
Description conventions rda
043 ## - GEOGRAPHIC AREA CODE
Geographic area code e-uk---
082 00 - DEWEY DECIMAL CLASSIFICATION NUMBER
Classification number 341.84
-- 341.84
Edition number 21
Item number B U . B
092 04 - LOCALLY ASSIGNED DEWEY CALL NUMBER (OCLC)
Edition number 21
Classification number 341.84
Item number B U . B
099 ## - LOCAL FREE-TEXT CALL NUMBER (OCLC)
Classification number Law1 11 341.84 B U . B 1907
100 1# - MAIN ENTRY--PERSONAL NAME
Personal name Burge, William,
Dates associated with a name 1787-1849.
240 10 - UNIFORM TITLE
Uniform title Commentaries on colonial and foreign laws
245 10 - TITLE STATEMENT
Title Burge's Commentaries on colonial and foreign laws :
Statement of responsibility, etc. [edited by] Alexander Wood Renton and George Grenville Phillimore.
Remainder of title and in their conflict with each other and with the law of England /
Number of part/section of a work Volume 1
300 ## - PHYSICAL DESCRIPTION
Extent Volume1 420 page ;
Dimensions 26 cm.
Other physical details illustrations,
336 ## - CONTENT TYPE
Content type term text
Content type code txt
Source rdacontent
337 ## - MEDIA TYPE
Media type term unmediated
Media type code n
Source rdamedia
338 ## - CARRIER TYPE
Carrier type term volume
Carrier type code nc
Source rdacarrier
440 #0 - SERIES STATEMENT/ADDED ENTRY--TITLE
Title Historical writings in law and jurisprudence ;
Volume/sequential designation 21-25
500 ## - GENERAL NOTE
General note Reprint. Originally published: Burge's Commentaries on colonial and foreign laws generally and in their conflict with each other and with the law of England. New ed. / under the general editorship of Alexander Wood Renton and George Grenville Phillimore. London : Sweet & Maxwell, 1907-1928.
504 ## - BIBLIOGRAPHY, ETC. NOTE
Bibliography, etc. note Includes bibliographical references and indexes.
650 #0 - SUBJECT ADDED ENTRY--TOPICAL TERM
Topical term or geographic name entry element Law
Geographic subdivision Great Britain
General subdivision Colonies.
Source of heading or term qrmak
650 #0 - SUBJECT ADDED ENTRY--TOPICAL TERM
Topical term or geographic name entry element Conflict of laws.
Source of heading or term qrmak
650 #0 - SUBJECT ADDED ENTRY--TOPICAL TERM
Topical term or geographic name entry element Comparative law.
Source of heading or term qrmak
650 #0 - SUBJECT ADDED ENTRY--TOPICAL TERM
Topical term or geographic name entry element Conflict of laws
Geographic subdivision Great Britain.
Source of heading or term qrmak
651 1# - SUBJECT ADDED ENTRY--GEOGRAPHIC NAME
Source of heading or term qrmak
700 1# - ADDED ENTRY--PERSONAL NAME
Personal name Renton, Alexander Wood,
Dates associated with a name 1861-1933.
700 1# - ADDED ENTRY--PERSONAL NAME
Personal name Phillimore, George Grenville,
Dates associated with a name 1867-1925.
740 0# - ADDED ENTRY--UNCONTROLLED RELATED/ANALYTICAL TITLE
Uncontrolled related/analytical title Commentaries on colonial and foreign laws.
856 40 - ELECTRONIC LOCATION AND ACCESS
Uniform Resource Identifier <a href="https://fll.law.cu.edu.eg/fulltext/bks/B11-06639.pdf">https://fll.law.cu.edu.eg/fulltext/bks/B11-06639.pdf</a>
905 ## - Cataloger and Reviser Names
Cataloger Name: Nermin
906 ## - LOCAL DATA ELEMENT F, LDF (RLIN)
a 7
b cbc
c orignew
d 2
e opcn
f 19
g y-gencatlg
942 ## - ADDED ENTRY ELEMENTS (KOHA)
Source of classification or shelving scheme Dewey Decimal Classification
Koha item type Books
Edition 21
Suppress in OPAC No
Holdings
Withdrawn status Lost status Source of classification or shelving scheme Materials specified (bound volume or other part) Damaged status Not for loan Collection Home library Current library Date acquired Total checkouts Full call number Barcode Date last seen Copy number Price effective from Koha item type
    Dewey Decimal Classification V1   Not for loan القانون الدولي العام جــــامعة القــاهرة مكتبة كلية الحقوق - المبنى الرئيسي 21.04.2026   Law1 11 341.84 B U . B 1907 1106639 V1 C1 B11-06639 21.04.2026 1 21.04.2026 Books

© All rights reserved — Faculty of Law, Cairo University